000 02017cam a2200313 a 4500
001 16307474
005 20170105102852.0
008 100628s2010 enkb b 001 0 eng
010 _a 2010027527
020 _a9780230203242
040 _aDLC
_cDLC
_dDLC
043 _ae-xr---
050 0 0 _aPR2971.C85
_bK67 2010
082 0 0 _a822.33
_222
100 1 _aKostihová, Marcela,
_d1974-
245 1 0 _aShakespeare in transition :
_bpolitical appropriations in the post-communist Czech Republic /
_cby Marcela Kostihová.
260 _aHoundmills, Basingstoke, Hampshire ;
_aNew York, NY :
_bPalgrave Macmillan,
_c2010.
300 _axi, 210 p. ;
_bill.
_c23 cm.
490 0 _aPerformance interventions
504 _aIncludes bibliographical references (p. 190-204) and index.
505 8 _aMachine generated contents note: Introduction: Shakespeares of the post-communist world -- Living Czech Shakespeare -- Translation Wars: Redefining Shakespeare in Post-Socialist Czech Republic -- Katharine Humanized: Abusing the Shrew on Prague Stages -- Politics of Desire: Homoeroticism in Post-Communist Czech Shakespeare -- Epilogue: Into the European Union.
520 _a"This book investigates the political dimensions of Czech Shakespeare appropriation and production in the wake of the fall of communism, uncovering an anxious struggle between dimensions of Czech nationhood that comes to a head in a competition for a 'true' Shakespeare, and addressing key issues such as gender, globalization and national culture"--
600 1 0 _aShakespeare, William,
_d1564-1616
_xAppreciation
_zCzech Republic.
600 1 0 _aShakespeare, William,
_d1564-1616
_xTranslations into Czech
_xHistory and criticism.
650 0 _aPolitics and literature
_zCzech Republic
_xHistory
_y20th century.
906 _a7
_bcbc
_corignew
_d1
_eecip
_f20
_gy-gencatlg
942 _2ddc
_cBK
999 _c14330
_d14330